000 00963cab a22001935a 4500
001 L140184
008 070911e20070829xxkd f s 000 0 eng d
035 _a(Sirsi) u140184
041 0 _aeng
100 1 _aWatson, Kathy
245 0 0 _aHighland flings are not enough
260 _c2007
490 0 _aContract Journal
_v29 August 2007, 11-13(3)
520 _aHighlights the challenges facing contractors in Scotland and provides an overview of the country?s construction market. Scotland?s construction output is expected to increase by an annual average of 1.5% between 2007 and 2011, compared to the UK average of 2.6%. Infrastructure will be the leading sector during this period, with an annual average growth rate of 6.2%. Employment is forecast to increase by around 8%, and Scotland is predicted to provide 8.6% of UK employment by 2011.
590 _aKA
651 4 _aScotland
_y1999-
690 _aBUILT ENVIRONMENT-CONSTRUCTION MARKET
942 _n0
999 _c79218
_d79218